| 000 | 00534nam a2200169Ia 4500 | ||
|---|---|---|---|
| 999 |
_c22382 _d22382 |
||
| 003 | OSt | ||
| 005 | 20200215105408.0 | ||
| 008 | 190216s9999||||xx |||||||||||||| ||und|| | ||
| 040 | _coclc | ||
| 082 |
_a297.54 _bVEN/Z |
||
| 100 |
_a Vennakkode, M P M Basheer Faizee _92020 |
||
| 245 | 0 |
_aZakath Adhunika Padhanam / _c M P M Basheer Faizee Vennakkode |
|
| 260 |
_bPoomkavanam Books Publishers, _c1991. _aCalicut: |
||
| 300 | _a53p | ||
| 650 | _aIslamic History | ||
| 942 |
_cBK _2ddc _h297.54 _iVEN/Z _k297.54 _mVEN/Z |
||